000 02140nam2a2200289 4500
001 RU\NLR\BIBL_A\022717987
005 20260311115050.0
010 _a978-5-6050376-3-7
_9500
021 _aRU
_bКН-П-25-075292
_9КН-П-25-7307
035 _a(NLR Aleph) 022717987
090 _a13546419
_c13546419
100 _a20260204d2025 k y0rusy50 ca
101 0 _arus
102 _aRU
105 _aah b 100yy
200 1 _aПредметное и беспредметное в русском искусстве XX века
210 _d2025
215 _a[3], 36, [2] с.
_cил., цв. ил., факс.
461 0 _1001RU\NLR\BIBL_A\022717892
_12001#$aРазговоры на бумаге$e[о наследии русского авангарда и о неофициальном искусстве 1970-1980-х на страницах журнала "А-Я"$eк выставке "Путь к авангарду: диалоги художников в журнале "А-Я", 4 сентября 2025 - 18 января 2026$eкаталог$eв семи тетрадях$fсоставители: Ирина Горлова, Анна Замрий]$v№ 5
_913633004
_cМосква
_d2025-
_fсоставители: Ирина Горлова, Анна Замрий]
_nЦентр "Зотов"
_o[о наследии русского авангарда и о неофициальном искусстве 1970-1980-х на страницах журнала "А-Я" : к выставке "Путь к авангарду: диалоги художников в журнале "А-Я", 4 сентября 2025 - 18 января 2026 : каталог : в семи тетрадях
_tРазговоры на бумаге
_v№ 5
606 1 _aИзобразительное искусство русское советское
_92077706
_3RU\NLR\AUTH\661253402
606 1 _aИзобразительное искусство русское
_z1910 - 1918
_92223359
_3RU\NLR\AUTH\6601567934
686 1 _aЩ103(2Р=Рус)53
686 1 _aЩ103(2Р=Рус)7
942 _cBOOK
980 _aNB